Využitie anglického jazyka v ekonomických vedách

Vzdelávanie a odborná príprava, ktoré sú potrebné na dosiahnutie lisabonských cieľov členských krajín EÚ. Poslanie Fakulty aplikovaných jazykov Ekonomickej univerzity v Bratislave.

Saved in:
Bibliographic Details
Main Author: Prividiová, Eva, 1952-
Other Authors: Veškrnová, Alžbeta
Format: Book Chapter
Language:Slovak
Subjects:
Tags: Add Tag
No Tags, Be the first to tag this record!

MARC

LEADER 00000nla a2200000 4500
001 0186921
005 20240502073207.3
041 0 |a slo 
044 |a SK 
245 1 0 |a Využitie anglického jazyka v ekonomických vedách  |c Eva Prividiová, Alžbeta Veškrnová 
520 |a Vzdelávanie a odborná príprava, ktoré sú potrebné na dosiahnutie lisabonských cieľov členských krajín EÚ. Poslanie Fakulty aplikovaných jazykov Ekonomickej univerzity v Bratislave. 
610 2 0 |a univerzity 
610 2 0 |a školy vysoké 
610 2 0 |a vzdelávanie vysokoškolské 
610 2 0 |a výučba vedecká 
610 2 0 |a jazyky cudzie 
610 2 0 |a angličtina 
610 2 0 |a ekonómia 
610 2 0 |a globalizácia 
100 1 |a Prividiová, Eva, 1952- 
700 1 |a Veškrnová, Alžbeta